1057 1209 1554 1487 1409 1765 1619 1780 1206 1166 1714 1106 1959 1820 1208 1376 1930 1004 1493 1326 1723 1656 1711 1448 1658 1864 1830 1166 1062 1262 1114 1537 1224 1528 1033 1619 1945 1098 1711 1574 1161 1740 1408 1780 1893 1742 1680 1051 1821 1621 1433 1610 1515 1033 1255 1594 1045 1408 1240 1924 1229 1140 1944 1814 1770 1617 1674 1580 1936 1414 1221 1608 1342 1719 1203 1716 1307 1342 1047 1013 1589 1019 1858 1452 1213 1984 1874 1701 1607 1800 1062 1242 1372 1619 1740 1235 1263 1592 1855 BCNSPRNW ULIB Ver.6.0+V

เปลี่ยนเป็นภาษาไทย

Change to English
 แสดงรายละเอียดบรรณานุกรม
  กลับหน้าหลัก

Brief Record : Get Marc (ISO 2709) : E-mail record : QR code < ปิดหน้าต่าง
LEADER : 00000nam 2200000uu 4500
001    13399111221
003     ULIB
008    110620s||||||||th 000 0 tha d
020    9743232931
050  4 BF637.58^bส45ช 2548
100 0  สรกล อดุลยานนท์
245 10 ชีวิตนี้ไม่มีทางตัน "ตัน โออิชิ" /^cสรกล อดุลยานนท์,วทัญญู รณชิตพานิชยกิจ, เรียบเรียง
246 30 ตัน โออิชิ
250    พิมพ์ครั้งที่ 9
260    กรุงเทพฯ :^bมติชน,^c2548
300    206 หน้า :^bภาพประกอบ ;^c22 ซม.
440  0 ชุดบุคคล
600 07 ตัน ภาสกรนที
650  7 การบริหารธุรกิจ
650  7 ความสำเร็จทางธุรกิจ
653    ร้านอาหารญี่ปุ่น
700 0  วทัญญู รณชิตพานิชยกิจ
945    ^p155^l0^i017844
995    ทศพร
999 ^a ใช้งานได้ทุกระบบ
รายการนี้ยังไม่มีแท็ก
คุณยังไม่ได้ล็อกอิน คุณสามารถมีกิจกรรมร่วมกับเว็บไซต์ได้ แต่ต้องล็อกอินก่อน ::
  ล็อกอิน

รายการสื่อสารสนเทศ

ลำดับที่ ประเภท เลขเรียก/บาร์โค้ด สถานที่ สถานะ
- ไม่พบข้อมูล -

รายการใกล้เคียง
    หัวเรื่อง [การบริหารธุรกิจ]
    หัวเรื่อง [ความสำเร็จทางธุรกิจ]

BibComment


ยังไม่เคยถูกคอมเมนท์

คอมเมนท์ทรัพยากรรายการนี้
  คอมเมนท์: ชีวิตนี้ไม่มีทางต..


 Copyright 2026. Bcnsprnw @Library